000 00587cam a22002171 4500
001 sa 65000093
003 DLC
005 20260227112100.0
008 890403s1964 io c 000 0 ind
010 _asa 65000093
035 _a(OCoLC)23568727
040 _aDLC
_cMiU
_dDLC
042 _apremarc
043 _aa-io---
050 0 0 _aDS644
_b.N34
100 1 _aNasution, Abdul Haris,
_d1918-2000.
245 1 0 _aMengamankan pandji-pandji revolusi
260 _aDjakarta,
_bDelegasi
_c[1964]
300 _a299 p.
_bport.
_c22 cm.
651 0 _aIndonesia
_xHistory
_yRevolution, 1945-1949
999 _c61378
_d61378